Handbol a la Roca : 'un esport, un poble' : 1952-1999 'un esport, un poble' :
Descripción Física:
[106] p. de làm. : principalment il. ; 20 cm
MARC
| LEADER | 00000nam a2200000Ia 4500 | ||
|---|---|---|---|
| 001 | 17099 | ||
| 008 | 160829s1999 xx 000 0 cat d | ||
| 080 | |a P-1-54 | ||
| 245 | |a Handbol a la Roca : |b 'un esport, un poble' : |b 1952-1999 | ||
| 260 | |a La Roca del Vallés : |b [S. n.], |c 1999 [Parets del Vallés : Dinimprès] | ||
| 300 | |a [106] p. de làm. : |b principalment il. ; |c 20 cm | ||
| 590 | |a A la contraportada: Amb el suport de la Diputació de Barcelona | ||
| 650 | |a Handbol |x Roca del Vallès |x Llibres de làmines |9 25873 | ||
| 901 | |a Arxiu | ||
| 942 | |n 1 | ||
| 952 | |0 0 |1 0 |4 0 |6 P154 |7 1 |9 43822 |a Arxiu |b Arxiu |d 2016-12-01 |l 0 |o P-1-54 |p 17099 |r 2016-12-01 00:00:00 |w 2016-12-01 |y ARXIU | ||
| 999 | |c 46372 |d 46372 | ||